Statistics for Fake Love - Drake Lyrics

Click here to take the quiz!

General Stats

  • This quiz has been taken 234 times
  • The average score is 321 of 438

Answer Stats

Lyrics% Correct
I
98%
fake
97%
love
97%
love
97%
me
95%
the
94%
to
93%
up
93%
my
92%
face
90%
Straight
89%
straight
89%
got
88%
Look
87%
look
87%
so
87%
a
86%
people
86%
showin'
85%
they
85%
They
85%
been
79%
down
78%
when
78%
You
77%
you
77%
Like
74%
like
74%
I've
73%
in
69%
long
69%
right
69%
it
68%
we
67%
talkin'
65%
ain't
64%
Somethin'
61%
that
61%
your
61%
can
58%
No
56%
place
54%
smile
54%
problems
53%
take
52%
wanna
52%
Whole
52%
whole
52%
time
51%
one
46%
tell
46%
and
45%
is
45%
Yeah
45%
never
44%
three
44%
That's
43%
Just
41%
just
41%
know
40%
same
40%
don't
38%
hidin'
38%
say
37%
can't
36%
not
36%
back
35%
How
34%
it's
34%
trust
34%
word
33%
after
32%
reach
32%
mistakes
31%
Really
31%
run
30%
you're
27%
was
25%
click
23%
get
23%
play
23%
son
22%
day
21%
tryna
21%
safe
20%
ever
19%
night
19%
away
17%
outta
17%
see
17%
switch
17%
then
17%
solid
16%
won't
16%
changed
15%
caught
9%
Since
9%
came
8%
Vibe
5%
things
3%

Score Distribution

Percentile by Number Answered

Percent of People with Each Score

Your Score History

You have not taken this quiz